Worldwide Major Sporting Events and Tournaments - Statistics

General Stats
  • This quiz has been taken 11 times
  • The average score is 11 of 24
Answer Stats
Sporting Event Sport % Correct
UEFA Champions League Football / Soccer
100%
Super Bowl American Football
89%
World Series Baseball
89%
Tour de France Cycling
89%
Six Nations Championship Rugby Union Football
89%
Monaco Grand Prix Formula One
78%
Ryder Cup Golf
78%
Davis Cup Tennis
67%
EuroLeague Basketball
56%
The Ashes Test Cricket
56%
Ironman World Championship Triathlon
56%
EHF Champions League Handball
44%
The Boat Race Rowing
44%
Hahnenkamm Races Alpine Skiing
33%
Candidates Tournament Chess
33%
Hypo-Meeting Götzis Decathlon / Heptathlon
33%
World Matchplay Darts
22%
CHIO Aachen Equestrian
22%
Vendée Globe Sailing
22%
Four Hills Tournament Ski Jumping
22%
Spengler Cup Ice Hockey
11%
All England Open Badminton
0%
Sultan Azlan Shah Cup Field Hockey
0%
Cape Epic Mountain Bike Racing
0%
No matching quizzes found
Score Distribution
Percent of People with Each Score
Percentile by Number Answered
Your Score History
You have not taken this quiz